000 01152nam a22003257a 4500
003 CHAP
005 20220329134027.0
008 971013s1980 r 00010 d
010 _a14317
011 _a15289
035 _a19364
040 _cCHAP
090 _aTesis
100 0 0 _aGonzález Ríos, Mario.
_949361
245 _aDeterminación de la capacidad de intercambio catiónico por diferentes métodos en algunas áreas del Campo Experimental de la Facultad de Agronomía en Marín, N.L.
260 _aMonterrey, N.L. :
_bEl autor,
_c1980
300 _a45 h.
_b: gráf
502 _aTesis (Ing. Agrónomo) -- Univ. Autónoma de Nuevo León. Fac. de Agronomía
590 _aALEPH
_b10
_c20130110
_lUCH01
_h1235
590 _aBATCH-UPD
_b10
_c20130110
_lUCH01
_h1543
590 _aBATCH-UPD
_b10
_c20130410
_lUCH01
_h0944
590 _aBATCH-UPD
_b10
_c20130914
_lUCH01
_h1650
590 _aCONVERSION
_b10
_c20130109
_lUCH01
_h1309
650 1 4 _aIntercambio iónico.
_959524
650 1 4 _aSuelos
_xNuevo León.
_9110453
650 1 4 _aSuelos
_xQuímica de.
_9110470
901 _aBK
942 _cTESIS
949 _bBC
_cTES
_d-45042
_eTS1
_i19364
_si
999 _c14317
_d14317